00722nam a2200205 a 450000100060000000300090000600800410001502000150005604000280007108200190009910000390011824500730015726000330023030000110026365000430027465000290031794200120034699900170035895201410037515599CO-ViMGA141112s2004 ck r 000 u spa d a9589057403 aCO-ViMGAbspacCO-ViMGA04a342.8601 C656c1 aColombia. Leyes, Decretos, 92256610aAchka Iachag Panga : bConstitución política de Colombia en Inga aBogotá, cUniandes, c1994 a116.p.14aCOLOMBIA - CONSTITUCION - INGAS92256714aLENGUAS INDIGENAS950756 2ddccBK c25811d25811 00102ddc40708002aMEVIECARbMEVIECARd2015-12-04h11/jun/2009l0o342.8601 C656c p15599r2015-12-04 00:00:00tEj. 1w2015-12-04yBK